The claws of the cougar /

Guardat en:
Dades bibliogràfiques
Autor principal: Berrow, Norman
Format: Llibre
Idioma:English
Publicat: London : Melbourne : Ward, Lock, 1957.
LEADER 00733nam a2200205 a 4500
001 c000093777
003 CARM
005 00000000000000.0
008 940517s1957 enk 00011 eng d
019 1 |a 10891731  |5 LACONCORD2021 
035 |a (OCoLC)30166159  |5 LACONCORD2021 
040 |a VLINC  |c VLINC 
100 1 |a Berrow, Norman. 
245 1 4 |a The claws of the cougar /  |c by Norman Berrow. 
260 |a London :  |a Melbourne :  |b Ward, Lock,  |c 1957. 
300 |a 190 p. ;  |c 18 cm. 
852 8 |b CARM  |h A2:AB19G0  |i A01164  |p 0110920  |f BK 
082 0 4 |a 823.914  |2 20 
999 f f |i 990c50e0-709a-5816-8ac5-19fb3a692710  |s cd453e79-930d-5848-aec6-84c00a98e69e 
952 f f |p Can circulate  |a CAVAL  |b CAVAL  |c CAVAL  |d CARM 1 Store  |e A01164  |f A2:AB19G0  |h Other scheme  |i book  |m 0110920